[Event "Panevezys op"]
[Site "Panevezys"]
[Date "2023.08.20"]
[Round "7"]
[White "Krilovs, Nikolaijs"]
[Black "Posaskov, Nikita"]
[Result "0-1"]
[WhiteElo "2146"]
[BlackElo "2055"]
[PlyCount "126"]
[EventDate "2023.08.18"]
[EventType "swiss"]
[EventRounds "7"]
[EventCountry "LTU"]
[SourceTitle "EXT 2024"]
[Source "ChessBase"]
[SourceDate "2023.10.10"]
[SourceVersion "1"]
[SourceVersionDate "2023.10.10"]
[SourceQuality "1"]

1. e4 c6 2. Nf3 d5 3. Nc3 dxe4 4. Nxe4 Nf6 5. Qe2 Nxe4 6. Qxe4 Qd5 7. Qxd5 cxd5 8. d4 Nc6 9. c3 Bg4 10. Ne5 Nxe5 11. dxe5 0-0-0 12. Be3 Kb8 13. Bd3 e6 14. 0-0 Be7 15. f4 g6 16. Bd4 Rc8 17. b4 Bd8 18. Kf2 Bb6 19. Bxb6 Rxc3 20. Bxa7+ Kxa7 21. Bb5 Rhc8 22. Kg1 h5 23. Rf2 h4 24. Rb2 Bf5 25. Rd1 h3 26. gxh3 Rxh3 27. a4 Rf3 28. Rf1 Rfc3 29. a5 Rg8 30. Kf2 Rh8 31. Ke1 Rc1+ 32. Kd2 Rxf1 33. Bxf1 Rxh2+ 34. Kc3 Rh4 35. Rf2 Rh8 36. b5 Rc8+ 37. Kb4 b6 38. Ra2 Rc1 39. Be2 bxa5+ 40. Kxa5 Rb1 41. Ra3 Rb2 42. Bf1 Kb7 43. Ra1 Bb1 44. Ra4 Rf2 45. Bh3 Bd3 46. Ra3 Bc4 47. Kb4 Rb2+ 48. Kc5 Rxb5+ 49. Kd6 Kb8 50. Ke7 Rb7+ 51. Kf6 Rc7 52. Bg2 Kb7 53. Rh3 Kb6 54. Rh7 Bd3 55. Bh3 Bf5 56. Bxf5 gxf5 57. Rxf7 Rxf7+ 58. Kxe6 Rf8 59. Kxd5 Kc7 60. Ke6 Kd8 61. Kd6 Re8 62. e6 Rh8 63. Ke5 Ke7 0-1

[Event "Panevezys op"]
[Site "Panevezys"]
[Date "2023.08.19"]
[Round "3"]
[White "Krilovs, Nikolaijs"]
[Black "Maklakova, Nellija"]
[Result "0-1"]
[WhiteElo "2146"]
[BlackElo "1841"]
[PlyCount "60"]
[EventDate "2023.08.18"]
[EventType "swiss"]
[EventRounds "7"]
[EventCountry "LTU"]
[SourceTitle "EXT 2024"]
[Source "ChessBase"]
[SourceDate "2023.10.10"]
[SourceVersion "1"]
[SourceVersionDate "2023.10.10"]
[SourceQuality "1"]

1. Nf3 d5 2. c4 c6 3. e3 Nf6 4. Be2 e6 5. b3 Nbd7 6. Bb2 Bd6 7. Qc2 0-0 8. d4 b6 9. Nbd2 Bb7 10. cxd5 exd5 11. Ne5 Rc8 12. Rd1 Qe7 13. f4 c5 14. Qf5 cxd4 15. exd4 Bxe5 16. dxe5 Rfe8 17. h4 Nc5 18. Ba3 d4 19. Bxc5 Rxc5 20. h5 h6 21. Bd3 Bc8 22. Ne4 Bxf5 23. Nxc5 Qxc5 24. Bxf5 Rxe5+ 25. fxe5 Qxe5+ 26. Kd2 Qxf5 27. Kc1 d3 28. Rhf1 Qc5+ 29. Kd2 Qd4 30. Rc1 Ne4+ 0-1

[Event "Panevezys op"]
[Site "Panevezys"]
[Date "2023.08.19"]
[Round "5"]
[White "Krilovs, Nikolaijs"]
[Black "Salna, Aleksandras"]
[Result "0-1"]
[WhiteElo "2146"]
[BlackElo "2260"]
[PlyCount "190"]
[EventDate "2023.08.18"]
[EventType "swiss"]
[EventRounds "7"]
[EventCountry "LTU"]
[SourceTitle "EXT 2024"]
[Source "ChessBase"]
[SourceDate "2023.10.10"]
[SourceVersion "1"]
[SourceVersionDate "2023.10.10"]
[SourceQuality "1"]

1. d4 Nf6 2. Nf3 g6 3. c4 Bg7 4. Nc3 d5 5. Bf4 0-0 6. e3 c5 7. dxc5 Ne4 8. cxd5 Nxc3 9. bxc3 Bxc3+ 10. Nd2 Qxd5 11. Rc1 Ba5 12. f3 Qxa2 13. Bc4 Qxd2+ 14. Qxd2 Bxd2+ 15. Kxd2 Nc6 16. h4 Na5 17. Ba2 Be6 18. Bxe6 fxe6 19. Ke2 Rac8 20. Rc3 Rc6 21. Rhc1 Rfc8 22. e4 b6 23. Be3 Nb7 24. Ra3 a5 25. Rb3 Nxc5 26. Bxc5 bxc5 27. Ra3 Ra6 28. Rca1 Rca8 29. Rc1 Rc6 30. Rca1 Rb8 31. R1a2 c4 32. Rxa5 c3 33. Rc2 Rb3 34. h5 Kf7 35. hxg6+ hxg6 36. Ra8 g5 37. Ra5 Kf6 38. Ke3 Rc8 39. g3 Rb2 40. Kd3 Rh8 41. Kxc3 Rb1 42. Rf2 Rc8+ 43. Kd3 Rb3+ 44. Ke2 Rcc3 45. g4 Re3+ 46. Kf1 Rxf3 47. e5+ Kg6 48. Rxf3 Rxf3+ 49. Kg2 Rd3 50. Ra8 Kf7 51. Ra2 Rd5 52. Re2 Ke8 53. Kf3 Ra5 54. Re4 Kd7 55. Rd4+ Kc6 56. Ke4 Kc5 57. Rd7 Ra4+ 58. Kf3 Rf4+ 59. Kg3 Re4 60. Kf3 Rxe5 61. Rxe7 Kd4 62. Rd7+ Rd5 63. Ra7 Rc5 64. Ra3 e5 65. Ra4+ Kd5 66. Rb4 Rc3+ 67. Kf2 Rc4 68. Rb5+ Ke4 69. Rb3 Kf4 70. Rf3+ Kxg4 71. Rg3+ Kf5 72. Ra3 Rc2+ 73. Kg3 g4 74. Re3 Rc1 75. Ra3 Rh1 76. Kg2 Rh6 77. Ra1 Rb6 78. Rf1+ Kg5 79. Re1 Rb2+ 80. Kg3 Rb3+ 81. Kg2 Kf4 82. Rf1+ Rf3 83. Ra1 g3 84. Ra8 Rf2+ 85. Kg1 e4 86. Rf8+ Ke3 87. Rg8 Kf3 88. Rf8+ Ke2 89. Re8 e3 90. Re7 Kd3 91. Rd7+ Kc4 92. Rc7+ Kd5 93. Rd7+ Ke6 94. Rd1 Kf5 95. Ra1 e2 0-1

[Event "Panevezys op"]
[Site "Panevezys"]
[Date "2023.08.18"]
[Round "2"]
[White "Misiuk, Martynas"]
[Black "Krilovs, Nikolaijs"]
[Result "0-1"]
[WhiteElo "1778"]
[BlackElo "2146"]
[PlyCount "38"]
[EventDate "2023.08.18"]
[EventType "swiss"]
[EventRounds "7"]
[EventCountry "LTU"]
[SourceTitle "EXT 2024"]
[Source "ChessBase"]
[SourceDate "2023.10.10"]
[SourceVersion "1"]
[SourceVersionDate "2023.10.10"]
[SourceQuality "1"]

1. e4 g6 2. d4 Bg7 3. Bc4 c5 4. Be3 Qb6 5. Ne2 Nc6 6. c3 Qxb2 7. Nd2 cxd4 8. Rb1 Qxb1 9. Nxb1 dxe3 10. fxe3 Nf6 11. 0-0 0-0 12. Nd2 Ng4 13. Rf3 Nce5 14. Rg3 Bh6 15. Nf4 Nxe3 16. Rxe3 Bxf4 17. Rh3 d6 18. Rh4 Be3+ 19. Kh1 Bg5 0-1

[Event "Riga Tech op-A"]
[Site "Riga"]
[Date "2023.08.09"]
[Round "4"]
[White "Arikov, Artem"]
[Black "Krilovs, Nikolaijs"]
[Result "1/2-1/2"]
[WhiteElo "2365"]
[BlackElo "2146"]
[PlyCount "30"]
[EventDate "2023.08.07"]
[EventType "swiss"]
[EventRounds "9"]
[EventCountry "LAT"]
[SourceTitle "CBM 215 Extra"]
[Source "ChessBase"]
[SourceDate "2023.09.30"]
[SourceVersion "1"]
[SourceVersionDate "2023.09.30"]
[SourceQuality "1"]

1. e4 c6 2. d4 d5 3. exd5 cxd5 4. Bd3 Nc6 5. c3 Nf6 6. h3 e5 7. dxe5 Nxe5 8. Bb5+ Bd7 9. Bxd7+ Qxd7 10. Nf3 Nxf3+ 11. Qxf3 Qe6+ 12. Be3 Bc5 13. Nd2 Bxe3 14. Qxe3 Qxe3+ 15. fxe3 0-0 1/2-1/2

[Event "Riga Tech Rapid op"]
[Site "Riga"]
[Date "2023.08.06"]
[Round "5"]
[White "Krilovs, Nikolaijs"]
[Black "Akesson, Ralf"]
[Result "0-1"]
[WhiteElo "2146"]
[BlackElo "2413"]
[PlyCount "88"]
[EventDate "2023.08.06"]
[EventType "swiss (rapid)"]
[EventRounds "9"]
[EventCountry "LAT"]
[SourceTitle "CBM 215 Extra"]
[Source "ChessBase"]
[SourceDate "2023.09.30"]
[SourceVersion "1"]
[SourceVersionDate "2023.09.30"]
[SourceQuality "1"]

1. d4 Nf6 2. Nf3 e6 3. c4 b6 4. a3 Bb7 5. Nc3 d5 6. Bg5 Be7 7. cxd5 Nxd5 8. Nxd5 Bxd5 9. Bxe7 Qxe7 10. Qc2 0-0 11. e4 Bb7 12. Be2 c5 13. dxc5 Qxc5 14. Qxc5 bxc5 15. 0-0 Bxe4 16. Rac1 Rc8 17. Ne5 Bd5 18. Rfd1 f6 19. Bf3 Bxf3 20. Rxc5 Bc6 21. Nc4 Nd7 22. Ra5 Nb6 23. Ne3 Rc7 24. Rc1 Rac8 25. Rac5 Kf7 26. h4 Ke7 27. b4 a6 28. g4 Nd5 29. Nc2 e5 30. Ne3 Nxe3 31. fxe3 Kd8 32. g5 Bb7 33. Kf2 Rxc5 34. bxc5 Kc7 35. Rb1 fxg5 36. hxg5 Rf8+ 37. Ke2 Bf3+ 38. Kd3 Rd8+ 39. Kc3 Be4 40. Rf1 Rd3+ 41. Kb4 Bd5 42. Rf8 Rxe3 43. Rh8 Rb3+ 44. Ka4 Rb5 0-1

[Event "Plzen op 11th"]
[Site "Plzen"]
[Date "2023.03.10"]
[Round "8"]
[White "Krilovs, Nikolaijs"]
[Black "Chmelik, Ondrej"]
[Result "1-0"]
[WhiteElo "2102"]
[BlackElo "1921"]
[PlyCount "125"]
[EventDate "2023.03.04"]
[EventType "swiss"]
[EventRounds "9"]
[EventCountry "CZE"]
[SourceTitle "CBM 213 Extra"]
[Source "ChessBase"]
[SourceDate "2023.05.31"]
[SourceVersion "1"]
[SourceVersionDate "2023.05.31"]
[SourceQuality "1"]

1. d4 d5 2. c4 e6 3. Nc3 Nf6 4. Nf3 Nbd7 5. Bf4 Bb4 6. a3 Bxc3+ 7. bxc3 0-0 8. e3 Re8 9. Bd3 b6 10. cxd5 exd5 11. 0-0 Bb7 12. Qc2 c5 13. Ne5 c4 14. Bf5 g6 15. Nxd7 gxf5 16. Nxf6+ Qxf6 17. a4 Bc6 18. f3 Qe6 19. Kh1 f6 20. Ra2 Kf7 21. Qf2 Rg8 22. Qh4 Rg7 23. Rb1 Rag8 24. Qh5+ Ke7 25. a5 b5 26. a6 Bd7 27. g3 Rc8 28. Qh3 Rc6 29. Rxb5 Rxa6 30. Rxa6 Qxa6 31. Rxd5 Qb7 32. Rc5 Qxf3+ 33. Kg1 a6 34. Qf1 Qxf1+ 35. Kxf1 Rg8 36. Rc7 Rc8 37. Ra7 Rc6 38. Bc7 h5 39. Kf2 Be6 40. Ba5+ Ke8 41. Kf3 Bd5+ 42. Kf4 Be4 43. Rh7 Rd6 44. Rxh5 Rd5 45. Bb4 a5 46. Bc5 a4 47. Rh7 Bc2 48. h4 Rd7 49. Rxd7 Kxd7 50. h5 Ke8 51. d5 a3 52. Bxa3 Kf7 53. d6 Ba4 54. Kxf5 Bd7+ 55. Kf4 f5 56. Kg5 Kg7 57. Bc5 Kh7 58. Kf6 Kh6 59. Ke7 Ba4 60. d7 Bxd7 61. Kxd7 Kxh5 62. Ke6 Kg4 63. Bd6 1-0

[Event "Plzen op 11th"]
[Site "Plzen"]
[Date "2023.03.09"]
[Round "7"]
[White "Heinzel, Olaf"]
[Black "Krilovs, Nikolaijs"]
[Result "1-0"]
[WhiteElo "2284"]
[BlackElo "2102"]
[PlyCount "119"]
[EventDate "2023.03.04"]
[EventType "swiss"]
[EventRounds "9"]
[EventCountry "CZE"]
[SourceTitle "CBM 213 Extra"]
[Source "ChessBase"]
[SourceDate "2023.05.31"]
[SourceVersion "1"]
[SourceVersionDate "2023.05.31"]
[SourceQuality "1"]

1. Nf3 c5 2. c4 Nc6 3. d4 cxd4 4. Nxd4 g6 5. Nc3 Bg7 6. Nc2 d6 7. e4 Nf6 8. Be2 0-0 9. 0-0 Nd7 10. Be3 Nc5 11. f3 f5 12. exf5 Bxf5 13. Nd4 Nxd4 14. Bxd4 Bxd4+ 15. Qxd4 Be6 16. Kh1 Bf7 17. Rad1 Ne6 18. Qh4 Rc8 19. Ne4 Kh8 20. b3 Bg8 21. f4 Ng7 22. Bg4 Rc6 23. Rf3 d5 24. Ng5 Qc7 25. cxd5 Rc1 26. Rff1 Rxd1 27. Bxd1 Nf5 28. Qh3 Qc5 29. Be2 Qe3 30. Bc4 Qxh3 31. Nxh3 Ne3 32. Re1 Nxd5 33. g3 a6 34. Kg1 e6 35. Ng5 b5 36. Bxd5 exd5 37. Kf2 Rc8 38. Ke3 Re8+ 39. Kd2 Rxe1 40. Kxe1 Kg7 41. Nf3 Kf6 42. Nd4 g5 43. Kd2 gxf4 44. gxf4 Kg6 45. Ke3 Kh5 46. Kf3 Kh4 47. Nf5+ Kh3 48. Nh6 Be6 49. f5 Bd7 50. f6 Be6 51. f7 Bxf7 52. Nxf7 Kxh2 53. Nh6 Kh3 54. b4 Kh4 55. Kf4 Kh3 56. Nf5 h5 57. Ng7 h4 58. Nf5 d4 59. Ke4 Kg4 60. Nxh4 1-0

[Event "Plzen op 11th"]
[Site "Plzen"]
[Date "2023.03.06"]
[Round "3"]
[White "Kubat, Miroslav"]
[Black "Krilovs, Nikolaijs"]
[Result "1/2-1/2"]
[WhiteElo "1967"]
[BlackElo "2102"]
[PlyCount "97"]
[EventDate "2023.03.04"]
[EventType "swiss"]
[EventRounds "9"]
[EventCountry "CZE"]
[SourceTitle "CBM 213 Extra"]
[Source "ChessBase"]
[SourceDate "2023.05.31"]
[SourceVersion "1"]
[SourceVersionDate "2023.05.31"]
[SourceQuality "1"]

1. e4 e6 2. d4 d5 3. e5 c5 4. c3 Qb6 5. Nf3 Nc6 6. Be2 cxd4 7. cxd4 Nh6 8. b3 Bb4+ 9. Kf1 Nf5 10. Bb2 h5 11. h4 Bd7 12. a3 Be7 13. b4 0-0-0 14. b5 Na5 15. a4 Kb8 16. Na3 f6 17. Nc2 Rhf8 18. Bc3 Rc8 19. Qe1 Nc4 20. Bxc4 Rxc4 21. Ba5 Qxa5 22. Qxa5 Rxc2 23. exf6 Bxf6 24. Qb4 Rfc8 25. Kg1 R2c4 26. Qa3 Rc3 27. Qb2 Nxd4 28. Nxd4 Bxd4 29. Qb4 Bc5 30. Qf4+ Ka8 31. Rh3 e5 32. Qxe5 Bxh3 33. gxh3 Rc2 34. Qxd5 Bxf2+ 35. Kh1 R2c5 36. Qf3 Bxh4 37. Rd1 Bf6 38. Qd3 h4 39. a5 Rc3 40. Qd7 R3c7 41. Qg4 a6 42. bxa6 bxa6 43. Qf3+ Ka7 44. Qe3+ Ka8 45. Rb1 Rc6 46. Qe4 Ka7 47. Qe3+ Ka8 48. Qe4 Ka7 49. Qe3+ 1/2-1/2

[Event "Plzen op 11th"]
[Site "Plzen"]
[Date "2023.03.04"]
[Round "1"]
[White "Loerner, Robert1111"]
[Black "Krilovs, Nikolaijs"]
[Result "0-1"]
[WhiteElo "1670"]
[BlackElo "2102"]
[PlyCount "22"]
[EventDate "2023.03.04"]
[EventType "swiss"]
[EventRounds "9"]
[EventCountry "CZE"]
[SourceTitle "CBM 213 Extra"]
[Source "ChessBase"]
[SourceDate "2023.05.31"]
[SourceVersion "1"]
[SourceVersionDate "2023.05.31"]
[SourceQuality "1"]

1. d4 Nf6 2. Nc3 d5 3. Bf4 e6 4. e3 Bb4 5. Bd3 c5 6. a3 Bxc3+ 7. bxc3 Qa5 8. Qd2 c4 9. Be2 Ne4 10. Qc1 Qxc3+ 11. Kd1 Nxf2# 0-1

[Event "Riga Tech Rapid op"]
[Site "Riga"]
[Date "2022.08.14"]
[Round "6"]
[White "Alipovs, Anatoljs"]
[Black "Krilovs, Nikolaijs"]
[Result "0-1"]
[WhiteElo "1691"]
[BlackElo "2088"]
[PlyCount "76"]
[EventDate "2022.08.14"]
[EventType "swiss (rapid)"]
[EventRounds "9"]
[EventCountry "LAT"]
[SourceTitle "CBM 209 Extra"]
[Source "ChessBase"]
[SourceDate "2022.09.30"]
[SourceVersion "1"]
[SourceVersionDate "2022.09.30"]
[SourceQuality "1"]

1. e4 c6 2. d4 d5 3. Nc3 dxe4 4. Nxe4 Nf6 5. Nxf6+ exf6 6. c3 Bd6 7. Bd3 h5 8. Qe2+ Be6 9. f4 Qe7 10. Nf3 Nd7 11. 0-0 0-0-0 12. c4 Bg4 13. Qc2 h4 14. Bd2 h3 15. g3 Rhe8 16. c5 Bc7 17. b4 Nf8 18. b5 Bxf3 19. Rxf3 Ne6 20. Re3 g6 21. bxc6 Rxd4 22. cxb7+ Kb8 23. Bc3 Qxc5 24. Bxd4 Qxd4 25. Rae1 Nxf4 26. Qc4 Rxe3 27. Qxd4 Rxe1+ 28. Kf2 Bb6 29. gxf4 Ra1 30. Qxb6 axb6 31. Bc4 Kxb7 32. Bxf7 g5 33. fxg5 fxg5 34. Kg3 Kc7 35. Kxh3 Rg1 36. Bd5 Kd6 37. Bg2 Ra1 38. Kg4 Rxa2 0-1

[Event "Riga Tech Rapid op"]
[Site "Riga"]
[Date "2022.08.14"]
[Round "3"]
[White "Krilovs, Nikolaijs"]
[Black "Agdestein, Simen"]
[Result "0-1"]
[WhiteElo "2088"]
[BlackElo "2576"]
[PlyCount "66"]
[EventDate "2022.08.14"]
[EventType "swiss (rapid)"]
[EventRounds "9"]
[EventCountry "LAT"]
[SourceTitle "CBM 209 Extra"]
[Source "ChessBase"]
[SourceDate "2022.09.30"]
[SourceVersion "1"]
[SourceVersionDate "2022.09.30"]
[SourceQuality "1"]

1. d4 e6 2. c4 f5 3. Nc3 Nf6 4. e3 d5 5. Nf3 Bd6 6. Rb1 0-0 7. Bd3 c6 8. 0-0 Nbd7 9. b4 a6 10. a4 dxc4 11. Bxc4 Nb6 12. Bd3 Nbd5 13. Nxd5 cxd5 14. h3 Bd7 15. Qb3 b5 16. a5 Rc8 17. Ne5 Be8 18. Bd2 Rc4 19. f4 Qc7 20. Rbc1 Kh8 21. Kh2 Bh5 22. Bxc4 dxc4 23. Nxc4 bxc4 24. Rxc4 Qd7 25. Rfc1 Be2 26. R4c2 Bb5 27. Be1 Nd5 28. g3 h6 29. Bf2 Nxb4 30. Rd2 Nd5 31. Ra2 Rb8 32. Qd1 Bc6 33. Rac2 Ba4 0-1

[Event "Riga Tech Rapid op"]
[Site "Riga"]
[Date "2022.08.14"]
[Round "9"]
[White "Krilovs, Nikolaijs"]
[Black "Elmi, Saad Abobaker"]
[Result "0-1"]
[WhiteElo "2088"]
[BlackElo "2110"]
[PlyCount "114"]
[EventDate "2022.08.14"]
[EventType "swiss (rapid)"]
[EventRounds "9"]
[EventCountry "LAT"]
[SourceTitle "CBM 209 Extra"]
[Source "ChessBase"]
[SourceDate "2022.09.30"]
[SourceVersion "1"]
[SourceVersionDate "2022.09.30"]
[SourceQuality "1"]

1. d4 Nf6 2. Nf3 c5 3. d5 g6 4. Nc3 Bg7 5. e4 d6 6. Be2 0-0 7. 0-0 Na6 8. h3 Nc7 9. a4 b6 10. Bf4 Bb7 11. a5 Rb8 12. axb6 axb6 13. Re1 Qd7 14. Ra7 Qd8 15. Bh2 b5 16. e5 dxe5 17. Bxe5 b4 18. Nb5 Nxb5 19. Bxb5 Bxd5 20. Bxb8 Qxb8 21. Ra5 Qb6 22. Qa1 Bxf3 23. gxf3 Qb7 24. Bf1 Qxf3 25. Bg2 Qf5 26. c3 bxc3 27. bxc3 Nh5 28. Qa3 Nf4 29. Rxc5 Qd3 30. Qb4 Qd2 31. Rf1 Bxc3 32. Qe4 Bf6 33. Rc2 Qd6 34. Rc6 Qb8 35. Rfc1 Kg7 36. Bf1 h5 37. R6c4 Ne6 38. h4 Rd8 39. Bh3 Nd4 40. Kg2 Qd6 41. Rd1 Qd5 42. Qxd5 Rxd5 43. Bc8 Rd6 44. Bb7 Nf5 45. Rh1 Rd2 46. Kf3 Bd4 47. Rh2 Be5 48. Rh1 Bb8 49. Be4 Nd6 50. Rb4 Ba7 51. Rh2 Bd4 52. Bb1 Bf6 53. Be4 Ne8 54. Rc4 Rb2 55. Ra4 Nd6 56. Rh1 Rb3+ 57. Kf4 e5# 0-1

[Event "Baltija Cup 18th"]
[Site "Palanga"]
[Date "2022.06.23"]
[Round "7"]
[White "Bekasovs, Rihards"]
[Black "Krilovs, Nikolaijs"]
[Result "1/2-1/2"]
[WhiteElo "2123"]
[BlackElo "2096"]
[PlyCount "66"]
[EventDate "2022.06.20"]
[EventType "swiss"]
[EventRounds "7"]
[EventCountry "LTU"]
[SourceTitle "CBM 209 Extra"]
[Source "ChessBase"]
[SourceDate "2022.09.30"]
[SourceVersion "1"]
[SourceVersionDate "2022.09.30"]
[SourceQuality "1"]

1. Nf3 e6 2. c4 d5 3. g3 Nf6 4. Bg2 Be7 5. d4 0-0 6. 0-0 b6 7. cxd5 Nxd5 8. e4 Nf6 9. Nc3 Bb7 10. Re1 a6 11. d5 exd5 12. e5 Ne4 13. Nd4 Qd7 14. e6 fxe6 15. Bh3 Nxf2 16. Bxe6+ Qxe6 17. Rxe6 Nxd1 18. Rxe7 Nxc3 19. bxc3 Nc6 20. Nxc6 Bxc6 21. Rxc7 Rac8 22. Rxc8 Rxc8 23. Be3 Bb5 24. Bd4 Bd3 25. a4 Rc4 26. Ra2 Rc6 27. Kf2 Re6 28. Rb2 b5 29. Rd2 Bc4 30. a5 g5 31. g4 Re4 32. Kg3 Be2 33. h3 Kf7 1/2-1/2

[Event "Baltija Cup 18th"]
[Site "Palanga"]
[Date "2022.06.21"]
[Round "4"]
[White "Norkeliunas, Matas"]
[Black "Krilovs, Nikolaijs"]
[Result "1/2-1/2"]
[WhiteElo "1790"]
[BlackElo "2096"]
[PlyCount "69"]
[EventDate "2022.06.20"]
[EventType "swiss"]
[EventRounds "7"]
[EventCountry "LTU"]
[SourceTitle "CBM 209 Extra"]
[Source "ChessBase"]
[SourceDate "2022.09.30"]
[SourceVersion "1"]
[SourceVersionDate "2022.09.30"]
[SourceQuality "1"]

1. e4 c6 2. Nf3 d5 3. Nc3 Bg4 4. exd5 cxd5 5. d4 e6 6. Bf4 a6 7. Be2 Bxf3 8. Bxf3 Nf6 9. 0-0 Bd6 10. Bxd6 Qxd6 11. Na4 b5 12. Nc5 Nbd7 13. b4 Nb6 14. Be2 0-0 15. f4 Ne4 16. f5 exf5 17. Rxf5 g6 18. Rf3 f5 19. Qc1 Na4 20. Qh6 Qf6 21. Nb3 Rac8 22. Bd3 Ng5 23. Rf2 Ne6 24. Re1 Nxd4 25. Nxd4 Qxd4 26. Re7 Rf7 27. Rxf7 Kxf7 28. Qxh7+ Qg7 29. Rxf5+ gxf5 30. Qxf5+ Ke7 31. Qxc8 Qd4+ 32. Kf1 Qf4+ 33. Kg1 Qc1+ 34. Kf2 Qf4+ 35. Kg1 1/2-1/2

[Event "Baltija Cup 18th"]
[Site "Palanga"]
[Date "2022.06.20"]
[Round "1"]
[White "Krilovs, Nikolaijs"]
[Black "Ribinskas, Gediminas"]
[Result "1-0"]
[WhiteElo "2096"]
[BlackElo "1450"]
[PlyCount "43"]
[EventDate "2022.06.20"]
[EventType "swiss"]
[EventRounds "7"]
[EventCountry "LTU"]
[SourceTitle "CBM 209 Extra"]
[Source "ChessBase"]
[SourceDate "2022.09.30"]
[SourceVersion "1"]
[SourceVersionDate "2022.09.30"]
[SourceQuality "1"]

1. d4 d5 2. c4 c6 3. Nc3 Nf6 4. Nf3 e6 5. Bg5 h6 6. Bh4 g5 7. Bg3 dxc4 8. h4 g4 9. Ne5 b5 10. e3 h5 11. Be2 Bb7 12. 0-0 Be7 13. f3 gxf3 14. Bxf3 Rh7 15. Nxb5 Ng4 16. Nxg4 hxg4 17. Nc7+ Kf8 18. Bxg4 Kg8 19. Nxe6 fxe6 20. Bxe6+ Kh8 21. Be5+ Rg7 22. Qh5# 1-0

[Event "LAT-ch"]
[Site "Riga"]
[Date "2022.04.29"]
[Round "3"]
[White "Krilovs, Nikolaijs"]
[Black "Jazdanovs, Aleksandrs"]
[Result "1/2-1/2"]
[WhiteElo "2041"]
[BlackElo "2058"]
[PlyCount "70"]
[EventDate "2022.04.27"]
[EventType "swiss"]
[EventRounds "9"]
[EventCountry "LAT"]
[SourceTitle "CBM 208 Extra"]
[Source "ChessBase"]
[SourceDate "2022.07.31"]
[SourceVersion "1"]
[SourceVersionDate "2022.07.31"]
[SourceQuality "1"]

1. c4 Nf6 2. g3 e5 3. Nc3 c6 4. d4 e4 5. Bg2 d5 6. cxd5 cxd5 7. Bg5 Bb4 8. Qb3 Nc6 9. e3 0-0 10. Nge2 Be6 11. 0-0 Bxc3 12. Qxc3 h6 13. Bxf6 Qxf6 14. Rfc1 Rac8 15. Qd2 g5 16. b4 b6 17. a4 h5 18. a5 Ne7 19. Nc3 h4 20. Nb5 hxg3 21. fxg3 Rxc1+ 22. Rxc1 bxa5 23. bxa5 Bd7 24. Rc5 Rb8 25. Nc3 Kg7 26. Bf1 Be6 27. a6 Bc8 28. Qf2 Qd6 29. Qa2 Rb6 30. Nb5 Qf6 31. Nc7 Qf3 32. Qf2 Qxf2+ 33. Kxf2 Rb2+ 34. Kg1 Rb1 35. Kf2 Rb2+ 1/2-1/2

[Event "LAT-ch"]
[Site "Riga"]
[Date "2022.04.27"]
[Round "1"]
[White "Krilovs, Nikolaijs"]
[Black "Klimakovs, Sergejs"]
[Result "1-0"]
[WhiteElo "2041"]
[BlackElo "2316"]
[PlyCount "149"]
[EventDate "2022.04.27"]
[EventType "swiss"]
[EventRounds "9"]
[EventCountry "LAT"]
[SourceTitle "CBM 208 Extra"]
[Source "ChessBase"]
[SourceDate "2022.07.31"]
[SourceVersion "1"]
[SourceVersionDate "2022.07.31"]
[SourceQuality "1"]

1. d4 d5 2. Nf3 Nf6 3. e3 c6 4. c4 e6 5. Nc3 Nbd7 6. a3 Bd6 7. c5 Bb8 8. b4 e5 9. b5 0-0 10. bxc6 bxc6 11. Qa4 Qc7 12. Ba6 exd4 13. exd4 Nb6 14. Qa5 Re8+ 15. Kf1 Bxa6+ 16. Qxa6 Nc4 17. g3 Qd7 18. Kg2 Bc7 19. Rb1 Ba5 20. Nd1 Qf5 21. Ra1 Qc8 22. Qxc8 Raxc8 23. Ne3 Nxe3+ 24. Bxe3 Ne4 25. Rab1 f6 26. Rb7 Rc7 27. Rhb1 Ree7 28. Rxc7 Rxc7 29. Rb8+ Kf7 30. Bf4 Re7 31. Rc8 Re6 32. Ra8 Re7 33. Bb8 Rb7 34. Rxa7 Rxa7 35. Bxa7 Ke6 36. Bb8 g5 37. g4 Kd7 38. Kf1 Kc8 39. Bg3 Kb7 40. Ke2 Ka6 41. Ng1 Bc3 42. Kd3 Be1 43. Nh3 Kb5 44. Ke2 Bc3 45. Kd3 Be1 46. Ke2 Bc3 47. Kd3 Bb2 48. Bc7 f5 49. gxf5 g4 50. Nf4 Nxf2+ 51. Ke3 Nd1+ 52. Ke2 Nc3+ 53. Kd3 Ne4 54. Ne2 h5 55. Be5 Nxc5+ 56. Kc2 Bxa3 57. dxc5 Bxc5 58. Nd4+ Kc4 59. Nxc6 h4 60. Na5+ Kb5 61. Nb3 Be7 62. Kd3 Kc6 63. Nd4+ Kd7 64. Ke3 Bg5+ 65. Ke2 Ke7 66. Nc6+ Kf7 67. Nb4 Bf6 68. Bf4 d4 69. Nd5 Kg7 70. Kd3 Kf7 71. Ke4 Bg7 72. f6 Bxf6 73. Nxf6 Kxf6 74. Be5+ Kg5 75. Bxd4 1-0

[Event "LAT-ch"]
[Site "Riga"]
[Date "2013.04.19"]
[Round "8"]
[White "Krilovs, Nikolaijs"]
[Black "Shumskis, Aleksandrs"]
[Result "1/2-1/2"]
[WhiteElo "2013"]
[BlackElo "1853"]
[PlyCount "106"]
[EventDate "2013.04.13"]
[EventType "swiss"]
[EventRounds "9"]
[EventCountry "LAT"]
[SourceTitle "CBM 154 Extra"]
[Source "ChessBase"]
[SourceDate "2013.06.25"]
[SourceVersion "2"]
[SourceVersionDate "2013.06.25"]
[SourceQuality "1"]

1. d4 Nf6 2. Nf3 e6 3. Bf4 Nc6 4. c3 d6 5. Nbd2 g6 6. e4 Bg7 7. Bd3 0-0 8. Nf1 Re8 9. Bg5 h6 10. Bxf6 Bxf6 11. Qd2 Bg7 12. Ne3 e5 13. d5 Ne7 14. g4 c6 15. c4 b5 16. dxc6 Nxc6 17. cxb5 Nd4 18. Be2 Bd7 19. Rd1 Bxb5 20. Nxd4 exd4 21. Bxb5 dxe3 22. fxe3 Qh4+ 23. Qf2 Qxf2+ 24. Kxf2 Reb8 25. a4 a6 26. Be2 Rxb2 27. Rb1 Ra2 28. Kf3 Rxa4 29. Rhd1 Be5 30. Rb6 Kg7 31. h4 Ra7 32. Rdb1 Ra3 33. R1b3 Rxb3 34. Rxb3 a5 35. Ra3 Bb2 36. Rb3 Bc1 37. Bc4 a4 38. Rb1 Ba3 39. Ke2 Bc5 40. Kd3 a3 41. Ba2 Re7 42. Rf1 f6 43. Rb1 Rc7 44. Rb8 Re7 45. Rg8+ Kh7 46. Rf8 Kg7 47. Rg8+ Kh7 48. Rf8 Rb7 49. Rxf6 Rb2 50. Rf7+ Kh8 51. Rf8+ Kg7 52. Rf7+ Kg8 53. Rf2+ Kg7 1/2-1/2

[Event "LAT-ch"]
[Site "Riga"]
[Date "2013.04.17"]
[Round "6"]
[White "Krilovs, Nikolaijs"]
[Black "Indricans, Olgerts"]
[Result "1-0"]
[WhiteElo "2013"]
[BlackElo "2120"]
[PlyCount "131"]
[EventDate "2013.04.13"]
[EventType "swiss"]
[EventRounds "9"]
[EventCountry "LAT"]
[SourceTitle "CBM 154 Extra"]
[Source "ChessBase"]
[SourceDate "2013.06.25"]
[SourceVersion "2"]
[SourceVersionDate "2013.06.25"]
[SourceQuality "1"]

1. d4 e6 2. Nf3 f5 3. Bf4 Nf6 4. a3 Be7 5. c4 d5 6. Nc3 0-0 7. Rc1 c6 8. e3 Bd7 9. Be2 Be8 10. b4 Bh5 11. Ng5 Bf7 12. Qa4 Nbd7 13. 0-0 a6 14. cxd5 exd5 15. Qc2 Ne4 16. Nxf7 Rxf7 17. Na4 Rc8 18. Bd3 b5 19. f3 Nef6 20. Nc5 Nxc5 21. dxc5 g6 22. a4 Nh5 23. Be5 Bf6 24. Bxf6 Nxf6 25. axb5 axb5 26. Qc3 Qe7 27. Rfe1 Ra8 28. Ra1 Rff8 29. Qd4 Rfc8 30. Kf2 Kf7 31. h3 h5 32. Rg1 Qc7 33. Rge1 Qe7 34. Re2 Rxa1 35. Qxa1 h4 36. Qd4 Ra8 37. e4 dxe4 38. fxe4 Rd8 39. Qe3 fxe4 40. Bxe4 Nxe4+ 41. Qxe4 Qf6+ 42. Kg1 Qd4+ 43. Kh2 Qxe4 44. Rxe4 g5 45. Kg1 Rd2 46. Rg4 Kf6 47. Re4 Rb2 48. Rd4 Ke5 49. Rg4 Kf5 50. Rd4 Re2 51. Rd6 Re6 52. Rd8 Re4 53. Rc8 Rxb4 54. Rxc6 Rc4 55. Kf2 Ke4 56. Re6+ Kd5 57. Rg6 Kxc5 58. Rxg5+ Kb4 59. Ke2 Ka4 60. Kd3 Rf4 61. Rg4 Rxg4 62. hxg4 Ka3 63. g5 b4 64. g6 b3 65. g7 b2 66. Kc2 1-0